| 000 | 01041cam a2200289 a 4500 | ||
|---|---|---|---|
| 001 | c 64001768 | ||
| 003 | DLC | ||
| 005 | 20260227111034.0 | ||
| 008 | 050217s1962 cc 000 0 chi | ||
| 010 | _ac 64001768 | ||
| 035 | _a(CStRLIN)DCLP05-B2168 | ||
| 040 |
_aDLC _cDLC-R _dDLC-R _dDLC |
||
| 043 | _aa-cc--- | ||
| 050 | 0 | 0 |
_aS515 _b.L8 1962 |
| 066 | _c$1 | ||
| 100 | 1 |
_6880-01 _aLu, Mingshan, _dactive 13th century-14th century. |
|
| 245 | 1 | 0 |
_6880-02 _aNong sang yi shi cuo yao / _cLu Mingshan zhu ; Wang Yuhu jiao zhu. |
| 260 |
_6880-03 _aBeijing : _bNong ye chu ban she, _c1962. |
||
| 300 |
_a143 p. ; _c21 cm. |
||
| 650 | 0 |
_aAgriculture _vEarly works to 1800. |
|
| 650 | 0 |
_aAgriculture _zChina _vHandbooks, manuals, etc. |
|
| 700 | 1 |
_6880-04 _aWang, Yuhu, _d1907-1980. |
|
| 880 | 1 |
_6100-01/$1 _a魯明善, _dactive 13th century-14th century. |
|
| 880 | 1 | 0 |
_6245-02/$1 _a農桑衣食撮要 / _c魯名善著 ; 王毓瑚校註. |
| 880 |
_6260-03/$1 _a北京 : _b農業出版社, _c1962. |
||
| 880 | 1 |
_6700-04/$1 _a王毓瑚, _d1907-1980. |
|
| 999 |
_c12838 _d12838 |
||